Normal view MARC view
  • Coover, Robert

Entry Personal Name

Number of records used in: 2

001 - CONTROL NUMBER

  • control field: 153582

003 - CONTROL NUMBER IDENTIFIER

  • control field: DLC

005 - DATE AND TIME OF LATEST TRANSACTION

  • control field: 20260413111202.0

008 - FIXED-LENGTH DATA ELEMENTS

  • fixed length control field: 800528n| azannaabn |n aaa

010 ## - LIBRARY OF CONGRESS CONTROL NUMBER

  • LC control number: n 80038251

035 ## - SYSTEM CONTROL NUMBER

  • System control number: (OCoLC)oca00420346

040 ## - CATALOGING SOURCE

  • Original cataloging agency: DLC
  • Language of cataloging: eng
  • Description conventions: rda
  • Transcribing agency: DLC
  • Modifying agency: DLC
  • Modifying agency: OCoLC
  • Modifying agency: NcU
  • Modifying agency: DLC

046 ## - SPECIAL CODED DATES

  • Birth date: 1932-02-04
  • Death date: 2024-10-05
  • Source of date scheme: edtf

053 #0 - LC CLASSIFICATION NUMBER

  • Classification number element--single number or beginning number of span: PS3553.O633

100 1# - HEADING--PERSONAL NAME

  • Personal name: Coover, Robert

370 ## - ASSOCIATED PLACE

  • Place of birth: Charles City (Iowa)
  • Place of death: Warwick (England)
  • Associated country: United States
  • Source of term: naf

373 ## - ASSOCIATED GROUP

  • Associated group: Brown University
  • Source of term: naf

374 ## - OCCUPATION

  • Occupation: Novelists
  • Source of term: lcsh

377 ## - ASSOCIATED LANGUAGE

  • Language code: eng

378 ## - FULLER FORM OF PERSONAL NAME

  • Fuller form of personal name: Robert Lowell

670 ## - SOURCE DATA FOUND

  • Source citation: His The origin of the Brunists, 1966.

670 ## - SOURCE DATA FOUND

  • Source citation: His In bed one night and other brief encounters, c1983:
  • Information found: t.p. (Robert Coover) CIP data sheet (Coover, Robert, 1932- )

670 ## - SOURCE DATA FOUND

  • Source citation: Literature resource center WWW site, Oct. 22, 2015
  • Information found: (Coover, Robert (Lowell); b. Feb. 4, 1932, Charles City, Iowa; American writer of avant-garde fiction, plays, poetry, and essays; taught at several universities, notably Brown University)

670 ## - SOURCE DATA FOUND

  • Source citation: New York Times, October 6, 2024, accessed via WWW, October 7, 2024
  • Information found: (Robert Coover; postmodern novelist; d. Saturday [October 5, 2024[, Warwick, England)
  • Uniform Resource Identifier: https://www.nytimes.com/2024/10/06/books/robert-coover-dead.html
Devinim Yazılım Eğitim Danışmanlık tarafından Koha'nın orjinal sürümü uyarlanarak geliştirilip kurulmuştur.